| 000 | 00638cam a2200205 4500500 | ||
|---|---|---|---|
| 005 | 20260329004540.0 | ||
| 041 | _afre | ||
| 042 | _adc | ||
| 100 | 1 | 0 |
_aLarmagnac-Matheron, Octave _eauthor |
| 245 | 0 | 0 | _aEmanuele Coccia : “Le virus est une force anarchique de métamorphose” |
| 260 | _c2020. | ||
| 500 | _a25 | ||
| 690 | _aCovid-19 | ||
| 690 | _aEmanuele Coccia | ||
| 690 | _aMort | ||
| 690 | _aVirus | ||
| 690 | _aVivant | ||
| 786 | 0 | _nPhilosophie magazine | 139 | 6 | 2020-06-01 | p. 28-29 | 1951-1787 | |
| 856 | 4 | 1 | _uhttps://shs.cairn.info/magazine-philosophie-magazine-2020-6-page-28?lang=fr&redirect-ssocas=7080 |
| 999 |
_c1835005 _d1835005 |
||